Knees Deep - The Beths (Lyrics) - Statistics

General Stats
  • This quiz has been taken 11 times
  • The average score is 302 of 331
Answer Stats
Answer % Correct
a
100%
all
100%
and
100%
And
100%
Are
100%
be
100%
been
100%
body
100%
But
100%
could
100%
day
100%
deep
100%
do
100%
for
100%
go
100%
have
100%
how
100%
I
100%
I'm
100%
in
100%
it
100%
I've
100%
knees
100%
knows
100%
like
100%
made
100%
me
100%
my
100%
never
100%
no
100%
not
100%
of
100%
One
100%
say
100%
So
100%
that
100%
the
100%
The
100%
then
100%
there
100%
three
100%
to
100%
wanna
100%
was
100%
We
100%
we
100%
what
100%
will
100%
You
100%
you
100%
your
100%
about
83%
am
83%
as
83%
away
83%
bend
83%
bends
83%
bottom
83%
brave
83%
can
83%
Can
83%
carry
83%
centuries
83%
cold
83%
coming
83%
completely
83%
coward
83%
dive
83%
done
83%
earth
83%
enough
83%
forgotten
83%
freezing
83%
from
83%
gets
83%
hey
83%
history
83%
house
83%
I'll
83%
likely
83%
longest
83%
memory
83%
out
83%
see
83%
shame
83%
slice
83%
soul
83%
speaks
83%
stay
83%
step
83%
Still
83%
sun
83%
surface
83%
thinking
83%
through
83%
two
83%
up
83%
water
83%
way
83%
Why
83%
ankles
67%
blown
67%
bones
67%
candle
67%
count
67%
current
67%
down
67%
envious
67%
hesitation
67%
hot
67%
knife
67%
light
67%
Lighten
67%
lungs
67%
mend
67%
only
67%
pretend
67%
ready
67%
river's
67%
scar
67%
sigh
67%
stone
67%
straight
67%
them
67%
thrill
67%
'Til
67%
turned
67%
Until
67%
Wading
67%
Watching
67%
wearing
67%
Whole
67%
wind
67%
wish
67%
With
67%
No matching quizzes found
Score Distribution
Percent of People with Each Score
Percentile by Number Answered
Your Score History
You have not taken this quiz